| 000 | 00602nam a22001697a 4500 | ||
|---|---|---|---|
| 003 | OSt | ||
| 005 | 20171010095434.0 | ||
| 008 | 120521t xxu||||| |||| 00| 0 eng d | ||
| 040 |
_aMMSU _cULS |
||
| 100 |
_aBugarin, Jonabel G. _99571 |
||
| 245 |
_aHypoglycemic effect of bugnay (Antidesma binius (L.) sprengel) fruit extract on white mice (mus musculus) _cJonabel G. Bugarin |
||
| 260 | _c2007 | ||
| 300 |
_axiv, 38 leaves _c28 cm. |
||
| 500 | _aThesis (BS Biology) -- Mariano Marcos State University-College of Arts and Sciences, Batac City | ||
| 504 | _aBibliography: leaf 25 | ||
| 942 |
_2ddc _cTHEDIS |
||
| 999 |
_c9513 _d9513 |
||